Hegel´s Dialectic
Salvato in:
| Autore principale: | |
|---|---|
| Natura: | Libro |
| Lingua: | Undetermined |
| Pubblicazione: |
Holanda
D. Reidel
1975
|
| Soggetti: | |
| Tags: |
Aggiungi Tag
Nessun Tag, puoi essere il primo ad aggiungerne!!
|
MARC
| LEADER | 00000nam a2200000Ia 4500 | ||
|---|---|---|---|
| 008 | 170316s9999 xx 000 0 und d | ||
| 090 | |a 100 S-14.1h | ||
| 100 | |a Sarlemijn, Andries | ||
| 245 | |a Hegel´s Dialectic | ||
| 260 | |a Holanda | ||
| 260 | |b D. Reidel | ||
| 260 | |c 1975 | ||
| 300 | |a 189 páginas | ||
| 650 | |a FILOSOFÍA | ||
| 999 | |c 17533 |d 17533 | ||
| 040 | |a cru BVZT | ||
| 942 | |c 15 D |h 100 S-14.1h |2 z | ||
